Responses for Show #7614 - Thursday, October 19, 2017

Contestants

[<< previous game]

Tom Blake, a video producer from New York, New York

Justin Broughman, a high school social studies teacher from Strasburg, Virginia

Joanna Kimmitt, a librarian from Long Beach, California (whose 1-day cash winnings total $9,999)

[next game >>]

Jeopardy! Round responses

SHAKESPEAREAN IN THE PARK
(Alex: Uh-oh.)
TYPES OF NAMES
SWEET '16
WASHINGTON, D.C.
YOU GET A CAR!
ONE "DAY" AT A TIME
    $200 2
(Justin: Who are the Boston Red Sox?)
...
(Alex: You got the right team, but not the park. [*], yeah.)

Fenway Park

Justin
Triple Stumper
    $200 1
pseudonym

Tom
    $200 25
Wales

Joanna
    $200 14
a daydream

Joanna
    $400 3
Candlestick (Park)

Tom
    $400 5
brand name

Justin
    $400 27
Austria-Hungary

Triple Stumper
    $400 28
[The end-of-round signal sounds.]

the Executive Mansion

Justin
    $400 10
Prius

Tom
    $400 15
day of reckoning

Tom
    $600 4
ivy

Justin
    $600 22
(Joanna: Who is Clark Gable?)

Cary Grant

JoannaTom
    $600 19
(Alex: We're dealing with SWEET '16; it was [*].)

1616

Triple Stumper
    $600 8
(Pierre) L'Enfant

Justin
    $600 11
911

Tom
    $600 16
Daytona

Joanna
    $800 6
Shea Stadium

Justin
    $800 23
alias

Triple Stumper
    $800 20
(Tom: What is The Marriage of Figaro?)

The Barber of Seville

JoannaTom
    $800 9
(Justin: What is the Library of Congress?)

the Folger

JoannaJustin
    $800 12
Buick

Triple Stumper
    $800 17
day trader

Joanna
    $1000 7
(Clayton) Kershaw

Justin
    $1000 24
nom de guerre

Tom
    $1000 21
Baths of Caracalla

Triple Stumper
    $1,000 26
"Taxation Without Representation"

Joanna
    $1000 13
Alfa (Romeo)

Joanna
    $1000 18
Day of the Dead

Joanna

Scores at the first commercial break (after clue 15):

Joanna Justin Tom
$2,000 $2,400 $2,000

Scores at the end of the Jeopardy! Round:

Joanna Justin Tom
$5,800 $2,800 $2,800

Double Jeopardy! Round responses

"R"OCK BANDS
EUROPEAN MOUNTAINS
A ZERO SUM GAME
(Alex: And your response will not contain the sequence S-U-M. All right?)
THE BUTCHER
THE BAKER
THE CHANDLER
    $400 21
R.E.M.

Joanna
    $400 1
[Justin selected the first clue.]

the Pyrenees

Justin
    $400 28
(Alex: It's [*]. Not summer.)

spring

Triple Stumper
    $400 6
(Justin: What is Grade A?)

prime

JustinTom
    $400 29
[The end-of-round signal sounds.]

Sherlock Holmes

Tom
    $800 11
the Ramones

Justin
    $800 2
Mont Blanc

Justin
    $800 19
a subpoena

Justin
    $800 8
(Justin: What is cage free?)
(Alex: Be more specific.)

free range

Justin
    $800 18
James Baker

Tom
    $800 23
The Big Sleep

Tom
    $1200 7
Red Hot Chili Peppers

Justin
    $1,200 3
(Justin: What are the Alpennines?)
(Alex: Say it again.)
(Justin: The Alpennines?)
(Alex: No, sorry. What are the [*]? No "L" in that.)

Apennines

Justin
    $1200 26
(Joanna: What is Sting?)

Copeland

Joanna
Triple Stumper
    $1200 12
brined

Joanna
    $1200 15
"My Funny Valentine"

Joanna
    $1,200 22
(Joanna: Um. Uh. Dark paths? What are dark paths?)
...
(Alex: What are [*]? Down [*].)

mean streets

Joanna
    $1600 9
Radiohead

Tom
    $1600 4
the Balkan

Justin
    $1600 20
(Alex: Not summa.)

magna cum laude

Tom
    $1600 13
blood

Joanna
    $1600 16
(Tom: What is a suspension bridge?)

a cantilever bridge

Tom
Triple Stumper
    $1600 24
the cops

Triple Stumper
    $2000 10
the Replacements

Tom
    $2000 5
Reeks

Triple Stumper
    $2000 27
(Tom: What is apex?)

zenith

Tom
Triple Stumper
    $2000 14
oyster steak

Triple Stumper
    $2000 17
Josephine Baker

Tom
    $2000 25
Spenser

Triple Stumper

Scores at the end of the Double Jeopardy! Round:

Joanna Justin Tom
$7,800 $7,600 $8,800

[wagering suggestions for these scores]

Final Jeopardy! Round responses

OSCAR WINNERS
(Alex: The president he portrayed, of course, was Abraham Lincoln.)
...
(Alex: My Left Foot, There Will Be Blood, and Lincoln.)
JustinWho is Daniel Day Lewis?
$7,600
JoannaWho is Kevin Spacey?
$7,500
TomWho is Daniel Day Lewis
$7,801
Daniel Day-Lewis

Final scores:

Joanna Justin Tom
$300 $15,200 $16,601
3rd place: $1,000 2nd place: $2,000 New champion: $16,601

Game dynamics:

Coryat scores:

Joanna Justin Tom
$9,000 $8,800 $8,800
13 R
(including 1 DD),
3 W
(including 1 DD)
13 R,
4 W
(including 1 DD)
15 R,
3 W

Combined Coryat: $26,600

[game clues] [game scores] [suggest correction]

Game tape date: 2017-08-03
The J! Archive is created by fans, for fans. Scraping, republication, monetization, and malicious use prohibited; this site may use cookies and collect identifying information. See terms. The Jeopardy! game show and all elements thereof, including but not limited to copyright and trademark thereto, are the property of Jeopardy Productions, Inc. and are protected under law. This website is not affiliated with, sponsored by, or operated by Jeopardy Productions, Inc. Join the discussion at JBoard.tv.